书目信息 |
| 题名: |
金属材料及强化技术
|
|
| 作者: | 陈全明 编著 | |
| 分册: | ||
| 出版信息: | 上海 同济大学出版社 1992.10 |
|
| 页数: | 205页 | |
| 开本: | 16开 | |
| 丛书名: | ||
| 单 册: | ||
| 中图分类: | TG14 | |
| 科图分类: | ||
| 主题词: | 金属材料 | |
| 电子资源: | ||
| ISBN: | 7-5608-1021-7 | |
| 000 | 00563nam0 2200193 45 | |
| 001 | 0011281666 | |
| 005 | 20001128164351.1 | |
| 010 | @a7-5608-1021-7@d7.20元 | |
| 100 | @a20001128d1992 km y0chiy0120 ea | |
| 101 | 0 | @achi |
| 105 | @a z 000yy | |
| 200 | 1 | @a金属材料及强化技术@AJin Shu Cai Liao Ji Qiang Hua Ji Shu@f陈全明编著@FChen Quan Ming Bian Zhu |
| 210 | @a上海@c同济大学出版社@d1992.10 | |
| 215 | @a205页@d16开 | |
| 606 | 0 | @a金属材料 |
| 690 | @aTG14@v3 | |
| 701 | 0 | @a陈全明@4编著 |
| 801 | @aCN@bPftUser@c20001128 | |
| 905 | @b506803-812@dTG14@eCH536@f10 | |
| 金属材料及强化技术/陈全明编著.-上海:同济大学出版社,1992.10 |
| 205页;16开 |
| ISBN 7-5608-1021-7:7.20元 |
| ● |
| 相关链接 |
|
|
|
正题名:金属材料及强化技术
索取号:TG14/CH536
 
预约/预借
| 序号 | 登录号 | 条形码 | 馆藏地/架位号 | 状态 | 备注 |
| 1 | 506803 | 205068031 | 自科二线400A/400A自科库 26排3列1层/ [索取号:TG14/CH536] | 在馆 | |
| 2 | 506804 | 205068040 | 自科二线504/504自科库 41排1列6层/ [索取号:TG14/CH536] | 在馆 | |
| 3 | 506805 | 205068059 | 自科库501/501自科库 24排3列1层/ [索取号:TG14/CH536] | 在馆 | |
| 4 | 506806 | 205068068 | 自科库501/501自科库 24排3列1层/ [索取号:TG14/CH536] | 在馆 | |
| 5 | 506807 | 205068077 | 自科二线400A/400A自科库 26排3列1层/ [索取号:TG14/CH536] | 在馆 | |
| 6 | 506808 | 205068086 | 自科二线400A/201建筑库 103排3列3层/ [索取号:TG14/CH536] | 在馆 | |
| 7 | 506809 | 205068095 | 自科二线504/504自科库 41排1列4层/ [索取号:TG14/CH536] | 在馆 | |
| 8 | 506810 | 205068102 | 自科二线400A/400A自科库 26排3列2层/ [索取号:TG14/CH536] | 在馆 | |
| 9 | 506811 | 205068111 | 自科二线504/504自科库 41排1列4层/ [索取号:TG14/CH536] | 在馆 | |
| 10 | 506812 | 205068120 | 自科二线504/504自科库 41排1列4层/ [索取号:TG14/CH536] | 在馆 |